Statistics for Lightning Fast Random Country Unscramble

Click here to take the quiz!

General Stats

  • This quiz has been taken 49 times
  • The average score is 4 of 5

Answer Stats

HintAnswer% Correct
adshgeanblBangladesh
100%
scpyurCyprus
100%
ymgeanrGermany
100%
nmoaOman
100%
hilpipnsiepPhilippines
100%
oadpnlPoland
100%
rtaqaQatar
100%
tkyrueTurkey
100%
ngdauaUganda
100%
abimzaZambia
100%
uasirsRussia
80%
eirnagiNigeria
75%
zdweanelnaNew Zealand
67%
zaeuvneelVenezuela
67%
btaoicrmgdcterpoecflunchioeoDemocratic Republic of the Congo
50%
maiconidDominica
33%
nasioanmrSan Marino
33%
tgneudmiikdnoUnited Kingdom
33%
cnemiraiosMicronesia
0%
taisculinaSaint Lucia
0%

Score Distribution

Percentile by Number Answered

Percent of People with Each Score

Your Score History

You have not taken this quiz